Escritos sobre economía y educación.

Saved in:
Bibliografiske detaljer
Hovedforfatter: Vasconi, T.A
Format: Book Chapter
Sprog:Spanish
Udgivet: Caracas: Cooperativa Laboratorio Educativo, 1984.
Serier:Cuadernos de educación
Fag:
Online adgang:Enlace del recurso
Tags: Tilføj Tag
Ingen Tags, Vær først til at tagge denne postø!

MARC

LEADER 00000naa a22000007a 4500
003 OSt
005 20251111045402.0
008 170921b1984 ve ||||| |||| 00| 0 spa d
040 |c CNA-IDEP 
100 1 |9 4964  |a Vasconi, T.A. 
245 1 0 |a Escritos sobre economía y educación.   |c T.A. Vasconi 
260 |a Caracas:  |b Cooperativa Laboratorio Educativo,  |c 1984. 
300 |a 128 p. 
440 |a Cuadernos de educación  |n 117-118 (1984)  |9 4966 
650 1 0 |a Publicaciones seriadas  |9 4939 
650 0 |a Investigaciones  |9 4956 
650 1 0 |a Economía y educación  |9 4965 
650 0 |a Política  |9 3252 
942 |2 ddc  |c CR 
999 |c 5592  |d 5592 
856 |u https://catalogo.idep.edu.co/cgi-bin/koha/opac-detail.pl?biblionumber=5592  |z Enlace del recurso